Central Library OPAC University of Rajshahi

Petrogenesis of iron Ore deposits in Hakimpur, Dinajpur District, Bangladesh / (Record no. 85273)

MARC details
000 -LEADER
fixed length control field 01157nam a22002777a 4500
001 - CONTROL NUMBER
RUCL Control Number 85273
003 - CONTROL NUMBER IDENTIFIER
rucl marc code BD-RjUL
005 - DATE AND TIME OF LATEST TRANSACTION
control field 20250722120540.0
008 - FIXED-LENGTH DATA ELEMENTS--GENERAL INFORMATION
fixed length control field 250722s2024 bg a|||| m||| 00| 0 eng d
035 ## - SYSTEM CONTROL NUMBER
system control number (BD-RjUL)85273
040 ## - CATALOGING SOURCE
Original cataloging agency BD-RjUL
Language of cataloging eng
Transcribing agency BD-RjUL
Modifying agency BD-RjUL
041 ## - LANGUAGE CODE
Language code of Book eng
082 ## - DEWEY DECIMAL CLASSIFICATION NUMBER
DDC Edition number 23
Classification number 552.40954922
Author mark and Year HAP 2024
100 ## - MAIN ENTRY--PERSONAL NAME
Personal name Hasan, Mst. Asma Binta
9 (RLIN) 16158
245 10 - TITLE STATEMENT
Title Petrogenesis of iron Ore deposits in Hakimpur, Dinajpur District, Bangladesh /
Statement of responsibility, etc Submitted by A.S. M. Mehedi Hasan ;
Name of Supervisor/Co-Supervisor Supervisors : Ismail Hossain, Co-Supervisors : Mohammad Nazim Zaman
260 ## - PUBLICATION, DISTRIBUTION, ETC. (IMPRINT)
Place of publication, distribution, etc Rajshahi :
Name of publisher, distributor, etc Department of Geology and Mining, University of Rajshahi,
Date of publication, distribution, etc 2024.
300 ## - PHYSICAL DESCRIPTION
Pagination xxiii, 151 leaves :
Other physical details ill, ;
Dimensions 29.cm.
502 ## - DISSERTATION NOTE
Dissertation note Thesis (M. Phil) -- Department of Geology and Mining, University of Rajshahi, 2024
504 ## - BIBLIOGRAPHY, ETC. NOTE
Bibliography, etc References : Leaves 124-151
650 ## - SUBJECT ADDED ENTRY--TOPICAL TERM
Topical term or geographic name as entry element Metamorphic rocks.
9 (RLIN) 16160
Topical term or geographic name as entry element Petrogenesis.
9 (RLIN) 16161
Geographic subdivision Bangladesh, Dinajpur, Hakimpur
700 ## - ADDED ENTRY--SUPERVISOR/CO-SUPERVISOR NAME
Personal name Reza, A.H.M. Selim, Supervisor
9 (RLIN) 8119
Personal name Akbor, Md. Ahedul, Supervisor
9 (RLIN) 16162
Personal name Siddique, Md. Abu Bakar, Supervisor
9 (RLIN) 16163
942 ## - ADDED ENTRY ELEMENTS (KOHA)
Source of classification or shelving scheme Dewey Decimal Classification
Koha item type Theses
Holdings
Source of classification or shelving scheme Damaged status Not for loan Collection code Permanent Location Current Location Shelving location Date of accession Source of acquisition Total Checkouts Full call number Barcode Date last seen Copy number Thesis
Dewey Decimal Classification   Not For Loan Theses Central Library, University of Rajshahi Central Library, University of Rajshahi Documentation Section 20/07/2025 Controller of Examination Office, University of Rajshahi, Rajshahi.   THE 552.40954922 HAP 2024 D5167 22/07/2025 C-1 Theses